[Event "RUS-ch Rapid 2021"]
[Site "Sochi"]
[Date "2021.10.12"]
[Round "4.5"]
[White "Zubritskiy, Artyom"]
[Black "Tsydypov, Zhamsaran"]
[Result "1/2-1/2"]
[WhiteElo "2442"]
[BlackElo "2526"]
[Annotator "TA"]
[PlyCount "179"]
[EventDate "2021.10.12"]
[EventType "swiss"]
[EventCountry "RUS"]
[SourceTitle "playchess.com"]
[Source "ChessBase"]
[SourceQuality "1"]

{[%evp 15,179,21,17,14,25,29,18,0,31,0,26,21,36,8,0,0,3,-23,0,-34,-38,-55,-62,
-54,-51,-58,-58,-130,0,-38,-25,-40,-55,-58,85,83,84,72,71,72,89,75,72,64,80,87,
101,71,77,26,20,19,149,142,133,115,141,135,186,169,232,170,210,210,195,189,214,
189,289,288,632,634,242,94,94,94,95,98,101,103,140,134,175,161,154,138,192,147,
185,112,112,111,124,67,115,95,126,95,96,0,126,119,119,118,120,127,166,148,217,
215,225,144,137,110,122,75,91,75,89,75,113,9,18,8,8,8,8,8,8,8,8,8,8,8,8,8,8,0,
8,8,8,0,9,0,23,16,23,0,23,23,23,8,8,8,8,8,8,8,38,8,8,8,8,8,8,8]} 1. c4 e6 2. g3
Nf6 3. Bg2 d5 4. Nf3 Be7 5. O-O O-O 6. b3 c6 7. Bb2 b6 8. d3 Bb7 9. e3 {
A14: English Opening: 1...e6 with b3 by White.} Nbd7 10. Qe2 Qc7 11. Nbd2 c5
12. e4 {[#]} Rfe8 $146 ({Predecessor:} 12... d4 13. e5 Ne8 14. Rae1 a5 15. a4
g6 16. Bc1 Ng7 17. Ne4 Bxe4 18. Qxe4 Rae8 {1-0 (50) Sargissyan,S (2284)
-Samadov,R (2099) Batumi 2018}) 13. e5 Ng4 14. h3 Nh6 15. Rfe1 Nf5 16. Nf1 Bf8
17. g4 Ne7 18. Nh4 g5 19. Nf3 h6 20. h4 Ng6 $1 {[%cal Rg6f4]} 21. hxg5 (21.
cxd5 $15 exd5 22. d4) 21... dxc4 (21... Nf4 $17 22. Qd2 Nxg2 23. Kxg2 d4) 22.
Qe3 hxg5 23. Nxg5 Bxg2 24. Kxg2 Bh6 (24... Bg7 $1 $15 {stays ahead.} 25. dxc4
Ndxe5) 25. Ng3 $1 $16 Ndxe5 26. Bxe5 Qxe5 27. Qxe5 Nxe5 28. Rxe5 {Threatens to
win with Rh1.} Bg7 29. Nf3 Bxe5 30. Nxe5 cxd3 31. Nxd3 Red8 32. Nf4 (32. Ne5
$16) 32... Rd4 $11 33. Kf3 Kf8 (33... Rad8 $11 {remains equal.}) 34. Rh1 $16
Ke7 35. Ne4 Rg8 36. g5 $1 Rg7 (36... Rdd8 $16 37. g6 e5) 37. Ke3 $18 a5 (37...
Rxe4+ {is a better defense.} 38. Kxe4 Rxg5) 38. Ne2 Rd8 39. N2c3 Rgg8 {[#]} 40.
Na4 $1 Rb8 41. Rh7 c4 (41... b5 $142) 42. bxc4 b5 $2 (42... Rb7 43. Kf4 Rbb8)
43. cxb5 Rxb5 44. Rxf7+ Kxf7 $16 45. Nd6+ {[%mdl 64] Double Attack} Ke7 46.
Nxb5 {Strongly threatening f4.} Rxg5 47. Nbc3 Rh5 48. Ne4 Rf5 49. Nac5 Rd5 50.
a4 e5 51. Nb3 Ke6 52. Nc3 (52. Nec5+ $18 Kf5 53. Kf3) 52... Rd8 53. Nxa5 Rc8
54. Kd3 (54. Ne4 $16) 54... Rf8 55. Ke2 Rc8 56. Kd2 Rf8 57. Ke3 ({White should
play} 57. Ne4 $16) 57... Rb8 (57... Rc8 $1 $11 58. Ne4 Kd5) 58. Nc4 Rc8 59. Kd3
Rd8+ 60. Kc2 Rd4 61. Nd2 Rf4 (61... Rb4 $16 {was necessary.} 62. f3 Rb8) 62.
Nde4 $18 Kd7 63. Kd3 Kc6 64. Ke3 Rf8 65. Ke2 Rb8 66. Kf3 Rf8+ 67. Kg4 Kb6 {[#]}
68. f3 (68. Nf6 $1 $16 {[%mdl 512] And now Nd7+ would win.} Ka5 (68... Rc8 69.
Kf5) 69. Kf5) 68... Ka5 $11 69. Nc5 Kb4 70. N3e4 Rf4+ 71. Kg3 {Black must now
prevent Nd3+.} Rf7 72. Kf2 Re7 73. Ke3 Ra7 74. Kd3 Ra8 75. Ke2 Ra7 76. Kf2 Ra8
77. Kg3 Rg8+ 78. Kf2 Ra8 79. Ke2 Ra7 80. Kd2 Ra8 81. Ke3 Ra7 82. Nd3+ Kxa4 83.
Nxe5 Ra8 84. Nf6 {Threatening f4.} (84. Nd3 {seems wilder.} Kb5 85. Nc3+ Kc4
86. Ne2 Re8+ 87. Kd2) 84... Kb5 85. Ke4 (85. Nd5 $5 {[%cal Rd5c7]} Kc5 86. Nf4
$16) 85... Ra3 86. Nd3 Ra4+ 87. Kd5 Rh4 {The position is equal.} 88. Ne5 Rf4
89. Ne4 Rxf3 90. Nxf3 {Blacks defense is rewarded with a draw.  Weighted Error
Value: White=0.17/Black=0.37} 1/2-1/2

[Event "RUS-ch Rapid 2021"]
[Site "Sochi"]
[Date "2021.10.12"]
[Round "4.6"]
[White "Moiseenko, Vadim"]
[Black "Bryakin, Mikhail"]
[Result "1-0"]
[WhiteElo "2542"]
[BlackElo "2498"]
[Annotator "ChessBase"]
[PlyCount "155"]
[EventDate "2021.10.12"]
[EventType "swiss"]
[EventCountry "RUS"]
[SourceTitle "playchess.com"]
[Source "ChessBase"]
[SourceQuality "1"]
[TimeControl "900+10"]

1. g3 {[%emt 0:00:00]} d5 {[%emt 0:00:04]} 2. Bg2 {[%emt 0:00:08]} Nf6 {
[%emt 0:00:05]} 3. c4 {[%emt 0:00:11]} c6 {[%emt 0:00:10]} 4. Nf3 {[%emt 0:00:
30]} dxc4 {[%emt 0:00:11]} 5. Qc2 {[%emt 0:00:19]} g6 {[%emt 0:00:24]} 6. Qxc4
{[%emt 0:00:27]} Bg7 {[%emt 0:00:14]} 7. O-O {[%emt 0:00:00]} O-O {[%emt 0:00:
14]} 8. d3 {[%emt 0:00:06]} Nbd7 {[%emt 0:00:13]} 9. Nc3 {[%emt 0:00:06]} e5 {
[%emt 0:00:13]} 10. Qh4 {[%emt 0:00:33]} Nd5 {[%emt 0:01:26]} 11. Bg5 {[%emt 0:
03:11]} f6 {[%emt 0:00:16]} 12. Bd2 {[%emt 0:00:35]} N7b6 {[%emt 0:00:51]} 13.
Nxd5 {[%emt 0:02:10]} cxd5 {[%emt 0:00:45]} 14. Qb4 {[%emt 0:00:28]} Be6 {
[%emt 0:00:32]} 15. a4 {[%emt 0:00:21]} Qd7 {[%emt 0:01:06]} 16. Rfc1 {[%emt 0:
01:29]} Rfc8 {[%emt 0:00:21]} 17. a5 {[%emt 0:00:15]} Rxc1+ {[%emt 0:00:59]}
18. Rxc1 {[%emt 0:00:00]} Nc8 {[%emt 0:00:11]} 19. Ne1 {[%emt 0:01:38]} Ne7 {
[%emt 0:00:11]} 20. Qa3 {[%emt 0:01:16]} a6 {[%emt 0:00:41]} 21. Bb4 {[%emt 0:
00:28]} Nc6 {[%emt 0:00:16]} 22. Bc5 {[%emt 0:00:00]} Rc8 {[%emt 0:00:15]} 23.
b4 {[%emt 0:00:26]} f5 {[%emt 0:03:32]} 24. Nf3 {[%emt 0:01:13]} Bh6 {[%emt 0:
02:09]} 25. Rd1 {[%emt 0:00:18]} Bf7 {[%emt 0:00:30]} 26. Qb2 {[%emt 0:01:08]}
Re8 {[%emt 0:01:34]} 27. b5 {[%emt 0:00:02]} axb5 {[%emt 0:00:03]} 28. Qxb5 {
[%emt 0:00:01]} Nb8 {[%emt 0:00:02]} 29. Qb2 {[%emt 0:00:13]} Nc6 {[%emt 0:00:
21]} 30. Qb5 {[%emt 0:00:51]} Nb8 {[%emt 0:00:00]} 31. Rb1 {[%emt 0:00:16]}
Qxb5 {[%emt 0:00:15]} 32. Rxb5 {[%emt 0:00:00]} Nc6 {[%emt 0:00:05]} 33. e3 {
[%emt 0:00:39]} Ra8 {[%emt 0:00:12]} 34. Bb6 {[%emt 0:00:20]} e4 {[%emt 0:01:
02]} 35. dxe4 {[%emt 0:00:01]} dxe4 {[%emt 0:00:02]} 36. Nd4 {[%emt 0:00:17]}
Nxd4 {[%emt 0:00:10]} 37. Bxd4 {[%emt 0:00:02]} Bc4 {[%emt 0:00:08]} 38. Rc5 {
[%emt 0:00:16]} Bd3 {[%emt 0:00:16]} 39. Bc3 {[%emt 0:00:42]} Bg7 {[%emt 0:01:
10]} 40. Bxg7 {[%emt 0:00:44]} Kxg7 {[%emt 0:00:00]} 41. h3 {[%emt 0:00:02]}
Kf6 {[%emt 0:00:26]} 42. g4 {[%emt 0:00:05]} Ra6 {[%emt 0:00:21]} 43. Kh2 {
[%emt 0:00:00]} Rc6 {[%emt 0:00:05]} 44. Rxc6+ {[%emt 0:00:29]} bxc6 {[%emt 0:
00:00]} 45. Kg3 {[%emt 0:00:10]} c5 {[%emt 0:00:11]} 46. f3 {[%emt 0:00:04]} c4
{[%emt 0:00:20]} 47. a6 {[%emt 0:00:01]} c3 {[%emt 0:00:00]} 48. a7 {[%emt 0:
00:01]} c2 {[%emt 0:00:00]} 49. a8=Q {[%emt 0:00:03]} c1=Q {[%emt 0:00:05]} 50.
Qh8+ {[%emt 0:00:22]} Ke6 {[%emt 0:00:03]} 51. Qxh7 {[%emt 0:00:19]} Qxe3 {
[%emt 0:00:40]} 52. Qxg6+ {[%emt 0:00:04]} Kd5 {[%emt 0:00:16]} 53. Qxf5+ {
[%emt 0:00:04]} Kc4 {[%emt 0:00:08]} 54. Qf4 {[%emt 0:00:15]} Qe1+ {[%emt 0:00:
14]} 55. Kh2 {[%emt 0:00:00]} Qf2 {[%emt 0:00:05]} 56. Qc7+ {[%emt 0:00:25]}
Kb3 {[%emt 0:00:00]} 57. fxe4 {[%emt 0:00:08]} Kb4 {[%emt 0:00:11]} 58. Qg3 {
[%emt 0:00:10]} Qd2 {[%emt 0:00:09]} 59. g5 {[%emt 0:00:17]} Bf1 {[%emt 0:00:
08]} 60. h4 {[%emt 0:00:04]} Kc4 {[%emt 0:00:24]} 61. g6 {[%emt 0:00:10]} Bxg2
{[%emt 0:00:03]} 62. Qxg2 {[%emt 0:00:00]} Qf4+ {[%emt 0:00:04]} 63. Kh3 {
[%emt 0:00:06]} Qe3+ {[%emt 0:00:01]} 64. Kg4 {[%emt 0:00:02]} Qh6 {[%emt 0:00:
10]} 65. h5 {[%emt 0:00:32]} Kd4 {[%emt 0:00:02]} 66. Qf3 {[%emt 0:00:05]} Qg7
{[%emt 0:00:20]} 67. Qf4 {[%emt 0:00:13]} Qe7 {[%emt 0:00:19]} 68. e5+ {
[%emt 0:00:15]} Kd3 {[%emt 0:00:04]} 69. Qf5+ {[%emt 0:00:11]} Kd4 {[%emt 0:00:
09]} 70. h6 {[%emt 0:00:06]} Qb7 {[%emt 0:00:14]} 71. g7 {[%emt 0:00:06]} Qg2+
{[%emt 0:00:00]} 72. Kh5 {[%emt 0:00:02]} Kd5 {[%emt 0:00:12]} 73. e6+ {
[%emt 0:00:12]} Kd6 {[%emt 0:00:01]} 74. Qf4+ {[%emt 0:00:13]} Kc6 {[%emt 0:00:
12]} 75. e7 {[%emt 0:00:22]} Qd5+ {[%emt 0:00:18]} 76. Kg6 {[%emt 0:00:05]} Qg8
{[%emt 0:00:20]} 77. h7 {[%emt 0:00:16]} Qa2 {[%emt 0:00:15]} 78. e8=Q+ {
[%emt 0:00:06]} 1-0

[Event "RUS-ch Rapid 2021"]
[Site "Sochi"]
[Date "2021.10.12"]
[Round "4.7"]
[White "Zakhartsov, Vladimir"]
[Black "Artemiev, Vladislav"]
[Result "0-1"]
[WhiteElo "2514"]
[BlackElo "2699"]
[Annotator "TA"]
[PlyCount "78"]
[EventDate "2021.10.12"]
[EventType "swiss"]
[EventCountry "RUS"]
[SourceTitle "playchess.com"]
[Source "ChessBase"]
[SourceQuality "1"]

{[%evp 9,78,23,23,30,41,33,36,21,33,35,40,32,28,6,6,4,7,0,7,4,0,0,10,10,6,13,
12,0,6,0,0,-15,-23,-16,0,-27,-15,-59,-50,-50,0,-74,0,-59,0,-66,-62,-66,-62,-75,
-82,-107,-89,-93,-104,-101,-104,-95,-31,-203,-217,-565,-555,-906,-681,-29976,
-29973,-29971,-29973,-29976,-29974]} 1. d4 d5 2. c4 e6 3. Nc3 a6 4. cxd5 exd5
5. Nf3 c6 6. Bf4 {D31: Queen's Gambit Declined: Semi-Slav without ...Nf6 (+
Marshall Gambit and Noteboom) and Exchange Variation lines without ...Nf6.} Bd6
7. Bxd6 Qxd6 8. e3 {White is slightly better.} Nf6 9. Qc2 Bg4 {[#]} 10. Ne5
$146 ({Predecessor:} 10. Be2 Nbd7 11. Nd2 Bxe2 12. Nxe2 O-O 13. O-O Rfe8 14. h3
Ne4 15. Nxe4 Rxe4 16. a4 {1/2-1/2 (56) Tunik,G (2373)-Moiseenko,V (2525) Kazan
2019}) 10... Nbd7 11. Nxd7 Qxd7 12. Bd3 Bh5 13. O-O Bg6 14. Na4 {[%cal Bc3a4,
Ba4c5,Bc5d3,Bd3e5][%mdl 32] Hoping for Nb6.} Qc7 15. h3 O-O 16. Bxg6 hxg6 17.
Nc5 Rfe8 18. Rac1 Re7 19. b4 Ne8 20. Nd3 Nd6 21. Ne5 a5 22. a3 Ree8 23. h4 Qe7
24. g3 Nb5 25. Qb2 (25. Qc5 $11 {remains equal.}) 25... Nd6 26. Qc2 $1 Ne4 (
26... axb4 $15 27. axb4 Ne4) 27. Rb1 ({Better is} 27. b5 $1 $11) 27... axb4 $15
28. axb4 Ra3 29. Qb2 Rea8 {Strongly threatening ...Ra2.} 30. Ra1 {[#]} Rxa1 31.
Rxa1 Rxa1+ 32. Qxa1 Qxb4 33. f3 Nd6 (33... Nxg3 $17 {Threatens to win with ...
Nf5.} 34. Qa8+ Qf8 35. Qxb7 Nf5) 34. g4 {[#] This move loses the game for
White.} (34. Qa8+ $15 Kh7 35. Qb8) 34... Kh7 $1 $19 ({Don't play} 34... Qd2 35.
Qa8+ Kh7 36. Qd8 $17) 35. Qa8 $2 (35. Qc1 {is tougher.}) 35... Qe1+ 36. Kh2 f6
37. Nd7 Qf2+ {[%mdl 64] Double Attack. Black mates.} 38. Kh1 Qxf3+ {[%mdl 64]
Double Attack} 39. Kh2 Qf2+ {Weighted Error Value: White=0.57/Black=0.17} 0-1

[Event "RUS-ch Rapid 2021"]
[Site "Sochi"]
[Date "2021.10.12"]
[Round "4.8"]
[White "Riazantsev, Alexander"]
[Black "Popov, Valerij"]
[Result "1-0"]
[WhiteElo "2634"]
[BlackElo "2537"]
[Annotator "TA"]
[PlyCount "94"]
[EventDate "2021.10.12"]
[EventType "swiss"]
[EventCountry "RUS"]
[SourceTitle "playchess.com"]
[Source "ChessBase"]
[SourceQuality "1"]

{[%evp 14,94,18,20,27,0,5,0,11,18,12,17,47,32,56,56,53,62,105,93,129,139,117,
136,133,0,150,155,162,137,137,106,91,95,248,243,259,234,252,245,235,246,219,
179,180,182,176,159,189,186,206,206,233,227,239,235,273,273,273,273,360,354,
435,408,502,508,641,530,480,0,641,641,636,625,622,611,578,537,620,594,29977,
29979,29980]} 1. d4 Nf6 2. c4 e6 3. Nf3 h6 4. Nc3 Bb4 5. Bd2 b6 6. e3 Bb7 7.
Bd3 O-O 8. O-O d6 {E43: Nimzo-Indian: Rubinstein: 4...b6.} 9. Qc2 c5 10. dxc5
bxc5 {[#] The position is equal.} 11. a3 $146 ({Predecessor:} 11. Rfd1 Qe7 12.
a3 Bxc3 13. Bxc3 Rd8 14. Rac1 Nbd7 15. b3 Nf8 16. Bb2 a5 17. Nd2 {1-0 (63)
Voogt,J (1946)-Sasu Ducsoara,A (2138) Naujac 2014}) 11... Ba5 12. Rab1 Na6 13.
Rfd1 Qe7 {[#]} 14. Nd5 $1 exd5 (14... Nxd5 15. Bxa5) 15. Bxa5 Nc7 16. Nh4 Rac8
17. Nf5 Qe6 18. Ng3 Qe7 19. Nf5 ({White should try} 19. b3 $16) 19... Qe5 ({
Black should play} 19... Qe6 $1 $11) 20. Bc3 $36 {[%mdl 2048] White has strong
initiative.} Qe6 21. cxd5 Bxd5 22. Nxh6+ gxh6 23. Bf5 {[%mdl 64] [#] Skewer}
Qe7 (23... Be4 $16 24. Bxe6 Bxc2 25. Bxc8 Ncd5) 24. Bxc8 $18 Be4 25. Bxf6 Bxc2
26. Bxe7 Rxc8 27. Bxd6 Bxd1 28. Bxc7 {[%mdl 4096] Endgame KRB-KRB} Bb3 29. Ba5
Rc6 30. f3 c4 31. Bc3 Rc5 32. Rc1 a5 33. Kf2 a4 34. e4 Rc8 35. Ke3 Rd8 36. Bd4
Kh7 37. g4 Kg6 38. f4 f6 39. h4 Re8 40. Bc3 Rd8 41. Bd4 Re8 $1 42. f5+ Kf7 43.
g5 hxg5 44. hxg5 fxg5 45. e5 Rd8 46. Ke4 g4 47. e6+ Ke7 {Weighted Error Value:
White=0.21/Black=0.48} 1-0

[Event "RUS-ch Rapid 2021"]
[Site "Sochi"]
[Date "2021.10.12"]
[Round "4.9"]
[White "Kobalia, Mikhail"]
[Black "Musalov, Ruslan"]
[Result "1-0"]
[WhiteElo "2600"]
[BlackElo "2342"]
[Annotator "TA"]
[PlyCount "50"]
[EventDate "2021.10.12"]
[EventType "swiss"]
[EventCountry "RUS"]
[SourceTitle "playchess.com"]
[Source "ChessBase"]
[SourceQuality "1"]

{[%evp 9,50,25,35,40,32,37,83,72,89,91,78,75,71,22,13,10,34,46,63,23,103,96,
114,56,52,50,61,58,51,59,45,32,35,6,23,37,36,34,112,136,596,571,1635]} 1. e4 e5
2. Nf3 Nc6 3. Bb5 Nf6 4. d3 Ne7 5. d4 c6 6. dxe5 {C65: Ruy Lopez: Berlin
Defence (3...Nf6), unusual lines and 4 0-0 Bc5.} Nxe4 {aiming for ...Qa5+.} 7.
Bd3 d5 8. exd6 {White is better.} Nxd6 {[#]} 9. Qe2 $146 ({Predecessor:} 9. O-O
Ng6 10. Re1+ Be7 11. Ng5 Bf5 12. Bxf5 Nxf5 13. Qh5 Nd4 14. Na3 h6 15. Ne4 {
1-0 (62) Fedoseev,V (2687)-Theodorou,N (2554) chess24.com INT 2021}) 9... Bg4
10. Bf4 Qa5+ 11. Nbd2 O-O-O 12. O-O {Hoping for Bxd6.} Nd5 (12... Ng6 $5 {
[%cal Rg6f4]} 13. Bg3 Nf5 $14) 13. Bg3 Nb4 14. Bc4 Qh5 (14... Re8 $11 {remains
equal.} 15. Qd1 Nxc4 16. Nxc4 Qd5) 15. c3 $16 Nd5 16. h3 ({White should play} 
16. Bxd5 $16 Qxd5 17. Qe3) 16... Bxf3 $14 17. Nxf3 Nxc4 18. Qxc4 Bd6 {next ...
Bxg3 is good for Black.} 19. Bxd6 Rxd6 20. Qd4 {c4 is the strong threat.} Rhd8
$1 21. Rfe1 $36 {[%mdl 2048] White has good play.} ({Wrong is} 21. Qxg7 $2 Rg6
$19) 21... Nb6 22. Qb4 ({But not} 22. Qxg7 $2 Rg6 $19) 22... Nd5 23. Qa4 Rf6 ({
Better is} 23... a6 $14) 24. Re5 $16 Rf5 {[%mdl 8192] [#]} (24... Qg6 $16) 25.
g4 $1 $18 {[%cal Rg4h5][%mdl 64] Double Attack} Rh8 {Weighted Error Value:
White=0.08/Black=0.40} (25... Qxh3 26. Rxf5) 1-0

[Event "RUS-ch Rapid 2021"]
[Site "Sochi"]
[Date "2021.10.12"]
[Round "4.10"]
[White "Bologan, Victor"]
[Black "Belozerov, Andrei"]
[Result "1-0"]
[WhiteElo "2574"]
[BlackElo "2476"]
[Annotator "ChessBase"]
[PlyCount "103"]
[EventDate "2021.10.12"]
[EventType "swiss"]
[EventCountry "RUS"]
[SourceTitle "playchess.com"]
[Source "ChessBase"]
[SourceQuality "1"]
[TimeControl "900+10"]

1. e4 {[%emt 0:00:04]} c5 {[%emt 0:00:34]} 2. Nf3 {[%emt 0:00:00]} Nc6 {
[%emt 0:00:00]} 3. Bb5 {[%emt 0:00:03]} g6 {[%emt 0:00:00]} 4. Bxc6 {[%emt 0:
00:00]} bxc6 {[%emt 0:00:05]} 5. O-O {[%emt 0:00:03]} Bg7 {[%emt 0:00:00]} 6.
Re1 {[%emt 0:00:11]} Nf6 {[%emt 0:00:06]} 7. e5 {[%emt 0:00:10]} Nd5 {[%emt 0:
00:00]} 8. c4 {[%emt 0:00:00]} Nc7 {[%emt 0:00:03]} 9. b3 {[%emt 0:00:08]} d5 {
[%emt 0:01:34]} 10. h3 {[%emt 0:00:52]} dxc4 {[%emt 0:01:11]} 11. bxc4 {
[%emt 0:00:01]} O-O {[%emt 0:00:09]} 12. Nc3 {[%emt 0:00:15]} Bf5 {[%emt 0:00:
33]} 13. Qa4 {[%emt 0:02:22]} Qd7 {[%emt 0:01:10]} 14. Ba3 {[%emt 0:00:18]} Ne6
{[%emt 0:00:08]} 15. Ne4 {[%emt 0:03:47]} Bxe4 {[%emt 0:01:50]} 16. Rxe4 {
[%emt 0:00:02]} Rab8 {[%emt 0:00:15]} 17. Qc2 {[%emt 0:00:21]} Rfd8 {[%emt 0:
00:09]} 18. Bb2 {[%emt 0:00:10]} Rb7 {[%emt 0:01:03]} 19. Bc3 {[%emt 0:00:11]}
Qd3 {[%emt 0:00:38]} 20. Qxd3 {[%emt 0:00:33]} Rxd3 {[%emt 0:00:04]} 21. Kf1 {
[%emt 0:00:24]} Bh6 {[%emt 0:00:29]} 22. h4 {[%emt 0:00:25]} Nf4 {[%emt 0:01:
19]} 23. Ree1 {[%emt 0:01:27]} Rd8 {[%emt 0:00:34]} 24. Reb1 {[%emt 0:00:08]}
Rdb8 {[%emt 0:00:12]} 25. Rxb7 {[%emt 0:00:05]} Rxb7 {[%emt 0:00:00]} 26. g3 {
[%emt 0:00:03]} Ne6 {[%emt 0:00:17]} 27. Ke2 {[%emt 0:01:16]} Bg7 {[%emt 0:00:
39]} 28. Kd3 {[%emt 0:00:08]} f6 {[%emt 0:00:05]} 29. Re1 {[%emt 0:00:23]} Kf7
{[%emt 0:00:04]} 30. Kc2 {[%emt 0:00:06]} h5 {[%emt 0:00:38]} 31. Re3 {[%emt 0:
00:24]} Rd7 {[%emt 0:00:32]} 32. Bb2 {[%emt 0:00:15]} Bh6 {[%emt 0:00:56]} 33.
Ra3 {[%emt 0:00:06]} f5 {[%emt 0:01:15]} 34. Ra6 {[%emt 0:00:12]} Rc7 {[%emt 0:
00:45]} 35. Bc3 {[%emt 0:00:00]} f4 {[%emt 0:01:06]} 36. Ba5 {[%emt 0:00:12]}
fxg3 {[%emt 0:00:34]} 37. fxg3 {[%emt 0:00:04]} Rc8 {[%emt 0:01:44]} 38. Rxa7 {
[%emt 0:00:04]} g5 {[%emt 0:00:10]} 39. hxg5 {[%emt 0:00:32]} Bxg5 {[%emt 0:00:
25]} 40. Bc3 {[%emt 0:02:31]} Bh6 {[%emt 0:00:08]} 41. Nh4 {[%emt 0:00:12]} Bg5
{[%emt 0:00:23]} 42. Nf5 {[%emt 0:00:11]} Rc7 {[%emt 0:00:06]} 43. Rxc7 {
[%emt 0:00:15]} Nxc7 {[%emt 0:00:00]} 44. Kd3 {[%emt 0:00:04]} Kg6 {[%emt 0:00:
22]} 45. Ke4 {[%emt 0:00:03]} Na6 {[%emt 0:00:05]} 46. a3 {[%emt 0:00:10]} Nc7
{[%emt 0:00:14]} 47. Ba5 {[%emt 0:00:06]} Na6 {[%emt 0:00:09]} 48. a4 {[%emt 0:
00:33]} Kf7 {[%emt 0:00:10]} 49. Bc3 {[%emt 0:00:18]} e6 {[%emt 0:00:07]} 50.
Nd6+ {[%emt 0:00:10]} Ke7 {[%emt 0:00:09]} 51. Kf3 {[%emt 0:00:13]} h4 {
[%emt 0:00:06]} 52. Ne4 {[%emt 0:00:05]} 1-0

[Event "RUS-ch Rapid 2021"]
[Site "Sochi"]
[Date "2021.10.12"]
[Round "4.11"]
[White "Ivlev, Aleksey"]
[Black "Kokarev, Dmitry"]
[Result "1/2-1/2"]
[WhiteElo "2315"]
[BlackElo "2579"]
[Annotator "ChessBase"]
[PlyCount "107"]
[EventDate "2021.10.12"]
[EventType "swiss"]
[EventCountry "RUS"]
[SourceTitle "playchess.com"]
[Source "ChessBase"]
[SourceQuality "1"]
[TimeControl "900+10"]

1. d4 {[%emt 0:00:04]} Nf6 {[%emt 0:00:06]} 2. c4 {[%emt 0:00:00]} g6 {[%emt 0:
00:00]} 3. Nf3 {[%emt 0:00:08]} Bg7 {[%emt 0:00:00]} 4. Nc3 {[%emt 0:00:02]}
O-O {[%emt 0:00:11]} 5. Bg5 {[%emt 0:00:03]} c5 {[%emt 0:00:00]} 6. e3 {
[%emt 0:00:00]} cxd4 {[%emt 0:00:02]} 7. exd4 {[%emt 0:00:09]} d5 {[%emt 0:00:
00]} 8. Bxf6 {[%emt 0:00:53]} Bxf6 {[%emt 0:00:06]} 9. cxd5 {[%emt 0:00:07]}
Bg4 {[%emt 0:00:03]} 10. Be2 {[%emt 0:00:46]} Bxf3 {[%emt 0:00:20]} 11. Bxf3 {
[%emt 0:00:00]} Qb6 {[%emt 0:00:00]} 12. Qd2 {[%emt 0:00:19]} Bxd4 {[%emt 0:00:
41]} 13. O-O {[%emt 0:00:16]} Nd7 {[%emt 0:00:03]} 14. d6 {[%emt 0:01:23]} e5 {
[%emt 0:01:40]} 15. Ne2 {[%emt 0:01:21]} Bc5 {[%emt 0:00:43]} 16. Rad1 {
[%emt 0:01:28]} Rad8 {[%emt 0:01:54]} 17. Nc3 {[%emt 0:01:32]} Bd4 {[%emt 0:00:
05]} 18. Ne2 {[%emt 0:00:21]} Nc5 {[%emt 0:00:59]} 19. Nxd4 {[%emt 0:00:52]}
Rxd6 {[%emt 0:00:00]} 20. Qe3 {[%emt 0:01:47]} exd4 {[%emt 0:00:28]} 21. Rxd4 {
[%emt 0:00:00]} Rxd4 {[%emt 0:00:15]} 22. Qxd4 {[%emt 0:00:08]} Rd8 {[%emt 0:
00:11]} 23. Qc3 {[%emt 0:01:20]} Ne6 {[%emt 0:00:53]} 24. Qf6 {[%emt 0:03:12]}
Rd2 {[%emt 0:00:54]} 25. b3 {[%emt 0:00:51]} Rxa2 {[%emt 0:00:59]} 26. Bd5 {
[%emt 0:00:33]} Rd2 {[%emt 0:00:35]} 27. Bc4 {[%emt 0:00:36]} Qd4 {[%emt 0:00:
37]} 28. Qf3 {[%emt 0:00:24]} Qd7 {[%emt 0:00:38]} 29. Bxe6 {[%emt 0:00:25]}
fxe6 {[%emt 0:00:03]} 30. h4 {[%emt 0:00:20]} Rd3 {[%emt 0:00:37]} 31. Qg4 {
[%emt 0:00:19]} Rd4 {[%emt 0:00:17]} 32. Qf3 {[%emt 0:00:09]} Qd5 {[%emt 0:00:
55]} 33. Qe2 {[%emt 0:00:13]} Qc6 {[%emt 0:01:46]} 34. h5 {[%emt 0:00:21]} Qe4
{[%emt 0:01:22]} 35. Qb5 {[%emt 0:00:05]} gxh5 {[%emt 0:00:07]} 36. Qe8+ {
[%emt 0:00:29]} Kg7 {[%emt 0:00:01]} 37. Rc1 {[%emt 0:00:01]} Qf5 {[%emt 0:00:
44]} 38. Qe7+ {[%emt 0:00:09]} Kh6 {[%emt 0:00:26]} 39. Qxb7 {[%emt 0:00:06]}
a5 {[%emt 0:00:21]} 40. Qb6 {[%emt 0:00:13]} Re4 {[%emt 0:00:41]} 41. Ra1 {
[%emt 0:00:21]} Re5 {[%emt 0:00:08]} 42. Qd4 {[%emt 0:00:08]} Rd5 {[%emt 0:00:
13]} 43. Qe3+ {[%emt 0:00:00]} Kg6 {[%emt 0:00:05]} 44. Re1 {[%emt 0:00:00]} e5
{[%emt 0:00:24]} 45. Rc1 {[%emt 0:00:16]} Rd6 {[%emt 0:00:15]} 46. Rc5 {
[%emt 0:00:20]} Rd1+ {[%emt 0:00:32]} 47. Kh2 {[%emt 0:00:03]} Qf4+ {[%emt 0:
00:06]} 48. Qxf4 {[%emt 0:00:10]} exf4 {[%emt 0:00:00]} 49. Rxa5 {[%emt 0:00:
04]} f3 {[%emt 0:00:38]} 50. gxf3 {[%emt 0:00:00]} Rd3 {[%emt 0:00:02]} 51. Rb5
{[%emt 0:00:14]} Rxf3 {[%emt 0:00:00]} 52. Kg2 {[%emt 0:00:04]} Rc3 {[%emt 0:
00:00]} 53. Rb8 {[%emt 0:00:01]} h4 {[%emt 0:00:05]} 54. b4 {[%emt 0:00:18]}
1/2-1/2